Responses for show #7201 - Monday, December 28, 2015

Alex uses a cane during the closing credits chat.

Contestants

[<< previous game]

Stephen Byrd, a hardware store manager from Hartsville, South Carolina

Patricia Franco, a library assistant from Arlington, Massachusetts

Dee Daigle, a substitute teacher from Hebron, Connecticut (whose 1-day cash winnings total $19,001)

[next game >>]

Jeopardy! Round responses

A GRAVE MISTAKE
(Alex: ...because there's something on the gravestones that we will show you that is incorrect. We want you to correct the error.)
TEAMS ON THE MOVE
KITTY LIT
NOT MY CUP OF TEA
SOUNDS OF SILENCE
C'EST LA VEEP
    $200 1
Poor Richard

Stephen
    $200 9
St. Louis

Patricia
    $200 13
Cheshire Cat

Patricia
    $200 20
root beer

Stephen
    $200 11
a mute

Stephen
    $200 25
Spiro Agnew

Stephen
    $400 8
Houston

Stephen
    $400 10
Stuart Little

Dee
    $400 21
tonic water

Dee
    $400 15
mum

Dee
    $400 26
Al Gore

Stephen
    $600 5
the Wizard of Menlo Park

Stephen
    $600 2
(Patricia: What is Oakland?)

Kansas City

PatriciaStephen
    $600 24
Hermione Granger

Dee
    $2,000 12
the Long Island Iced Tea

Stephen
    $600 16
hush money

Patricia
    $600 27
[The end-of-round signal sounds.]

Mitterrand

Stephen
    $800 6
(Stephen: Who is Attila?)
...
(Alex: The mistake is in the word "huns". It should be the [*].)

Mongols

Stephen
Triple Stumper
    $800 3
New Orleans

Stephen
    $800 17
Old Possum

Dee
    $800 22
(Dee: What is lime?)

grapefruit juice

Dee
Triple Stumper
    $800 18
a gag order

Dee
    $1000 7
Post-Impressionism

Stephen
    $1000 4
Calgary

Stephen
    $1000 14
Holly Golightly

Dee
    $1000 23
(Stephen: What is a cappuccino?)
...
(Alex: Half a minute now to deal with that full clue and those two others that are up there.)

a macchiato

DeeStephen
    $1000 19
quiet

Stephen

Scores at the first commercial break (after clue 13):

Dee Patricia Stephen
$400 -$200 $6,000

Scores at the end of the Jeopardy! Round:

Dee Patricia Stephen
$4,600 $400 $7,400

Double Jeopardy! Round responses

RANGE ROVING
HISTORICAL TRANSPORTS
2 Ys
OTHER STAR TREK CHARACTERS
NURSE
SISTINE CHAPEL
    $400 19
Bonnie & Clyde

Stephen
    $400 3
synergy

Stephen
    $400 22
Spock

Dee
    $400 8
listen

Dee
    $400 14
singers

Patricia
    $800 27
[The end-of-round signal sounds.]

the Pyrenees

Stephen
    $800 4
(Patricia: Who are Snoopy & Woodstock?)

Snoopy & Charlie Brown

PatriciaStephen
    $800 2
loyalty

Patricia
    $800 21
Gene Roddenberry

Dee
    $800 9
height & weight

Patricia
    $800 10
Moses

Dee
    $1200 20
the Austrian alps

Triple Stumper
    $1200 5
the Spirit of St. Louis

Stephen
    $1200 1
busybody

Triple Stumper
    $1200 23
(Alex: [*], yes. Less than a minute now.)

Khan

Stephen
    $1200 11
anesthesia

Dee
    $3,200 15
a conclave

Patricia
    $1600 6
(Stephen: What is "Damn the torpedoes, full speed ahead"?)

"Don't give up the ship"

PatriciaStephen
    $1600 18
boysenberry

Triple Stumper
    $1600 24
Star Trek: Voyager

Triple Stumper
    $1600 12
shock

Triple Stumper
    $1600 16
sibyls

Patricia
    $2000 7
the Cannonball Express

Triple Stumper
    $2000 26
cryptozoology

Patricia
    $2000 25
(Dee: [No response])

Christopher Lloyd

Dee
Triple Stumper
    $2000 13
arterial

Triple Stumper
    $2000 17
Noah

Dee

Scores at the end of the Double Jeopardy! Round:

Dee Patricia Stephen
$8,200 $10,000 $10,600

[wagering suggestions for these scores]

Final Jeopardy! Round responses

TOP 40 SONGS
DeeWho is Ray Charles?
$2,401
PatriciaWho is John Denver
$6,401
StephenWho is Ray Charles?
$9,401
John Denver

Final scores:

Dee Patricia Stephen
$5,799 $16,401 $1,199
2nd place: $2,000 New champion: $16,401 3rd place: $1,000

Game dynamics:

Coryat scores:

Dee Patricia Stephen
$8,200 $8,000 $9,200
14 R,
2 W
10 R
(including 1 DD),
2 W
20 R
(including 1 DD),
3 W

Combined Coryat: $25,400

The J! Archive is created by fans, for fans. The Jeopardy! game show and all elements thereof, including but not limited to copyright and trademark thereto, are the property of Jeopardy Productions, Inc. and are protected under law. This website is not affiliated with, sponsored by, or operated by Jeopardy Productions, Inc. Join the discussion at JBoard.tv.